000 00936nam a2200277Ia 4500
003 OSt
005 20220925224017.0
006 a|||||r|||| 00| 0
007 ta
008 220923b |||||||| |||| 00| 0 eng d
020 _a9781138230644
_c9484.65
037 _b3184, 07/03/2018, The Bookseller
_cGeneral Book
040 _aRTL
_cRTL
_beng
041 _2eng
_aeng
082 _aX:89K33, Q8
100 _aCHIODELLI Francesco
_9290709
245 0 _aIllicit and illegal in regional and urban governance and development
_b Corrupt places
260 _aLondon
_bRoutledge
_c2018
300 _axxiv,280p
_ccm.
500 _aGlossary: p 669-688; Bibliography chapterwise
650 _aSociology
700 _a HALL Tim
_9255926
700 _a HUDSON Ray
_993910
942 _hX:89K33, Q8
_cGB
_2CC
999 _c580803
_d580803